书目信息 |
| 题名: |
人生价值的道德诉求
|
|
| 作者: | 向玉乔 著 | |
| 分册: | ||
| 出版信息: | 长沙 湖南师范大学出版社 2006 |
|
| 页数: | 297页 | |
| 开本: | 23cm | |
| 丛书名: | 西方伦理学流派研究丛书 | |
| 单 册: | ||
| 中图分类: | B82-097.12 | |
| 科图分类: | ||
| 主题词: | 伦理学--思想史--研究--美国 , 伦理学 , 思想史 , 伦理学 | |
| 电子资源: | ||
| ISBN: | 7-81081-593-8 | |
| 000 | 01214oam2 2200301 450 | |
| 001 | 0954418769 | |
| 005 | 20090929155940.59 | |
| 010 | @a7-81081-593-8@dCNY29.80 | |
| 100 | @a20060104d2006 em y0chiy50 ea | |
| 101 | 0 | @achi |
| 102 | @aCN@b430000 | |
| 105 | @ay z 000yy | |
| 106 | @ar | |
| 200 | 1 | @a人生价值的道德诉求@e美国伦理思潮的流变@dAmerican ethics and the value of life@f向玉乔著@zeng@Aren sheng jia zhi de dao de su qiu |
| 210 | @a长沙@c湖南师范大学出版社@d2006 | |
| 215 | @a297页@d23cm | |
| 225 | 2 | @a西方伦理学流派研究丛书 |
| 330 | @a本书系统地分析和探讨了清教伦理思想、启蒙伦理思想、先验主义伦理思想、实用主义伦理思想、唯心主义伦理思想、自然主义伦理思想、元伦理学、应用伦理学在美国的发展状况,展现了美国伦理思潮演变的历史脉络,勾画了其中比较清晰的三条线索:重个人的倾向;重实用的倾向;与宗教捆绑的倾向。 | |
| 461 | 0 | @1001003264138 |
| 510 | 1 | @aAmerican ethics and the value of life@zeng |
| 606 | 0 | @a伦理学@x思想史@x研究@y美国 |
| 606 | 0 | @a伦理学 |
| 606 | 0 | @a思想史 |
| 606 | 0 | @a伦理学 |
| 690 | @aB82-097.12@v4 | |
| 701 | 0 | @a向玉乔@f(1967~)@4著@Axiang yu qiao |
| 801 | 0 | @aCN@b大连网信软件有限公司图书馆·11@c20090929 |
| 905 | @a10447@dB82-097.12@eJY124 | |
| 人生价值的道德诉求:美国伦理思潮的流变=American ethics and the value of life/向玉乔著.-长沙:湖南师范大学出版社,2006 |
| 297页;23cm .-(西方伦理学流派研究丛书 ) |
| ISBN 7-81081-593-8:CNY29.80 |
| 本书系统地分析和探讨了清教伦理思想、启蒙伦理思想、先验主义伦理思想、实用主义伦理思想、唯心主义伦理思想、自然主义伦理思想、元伦理学、应用伦理学在美国的发展状况,展现了美国伦理思潮演变的历史脉络,勾画了其中比较清晰的三条线索:重个人的倾向;重实用的倾向;与宗教捆绑的倾向。 |
| ● |
| 相关链接 |
|
|
|
|
正题名:人生价值的道德诉求
索取号:B82-097.12/JY124
 
预约/预借
| 序号 | 登录号 | 条形码 | 馆藏地/架位号 | 状态 | 备注 |
| 1 | 7820036 | 278200368 | 学院路分馆/ [索取号:B82-097.12/JY124] | 在馆 | |
| 2 | 7820037 | 278200377 | 学院路分馆/ [索取号:B82-097.12/JY124] | 在馆 |